Guide to business modelling / (Registro nro. 11090)

Detalles MARC
000 -LIDER
fixed length control field 00890nam a22003137a 4500
001 - NÚMERO DE CONTROL
Identificador de número de control 000439
003 - IDENTIFICACDOR DE NÚMERO DE CONTROL
control field DO-SdBNP
005 - DATE AND TIME OF LATEST TRANSACTION
control field 20171113111746.0
007 - CAMPOS FIJOS DE DESCRIPCIÓN FÍSICA
fixed length control field 000439
008 - ELEMENTOS DE LONGITUD FIJA
fixed length control field 160803b 2005 xxu a ||||| |||| 00| 0 spa d
020 ## - ISBN
International Standard Book Number 1861979150
020 ## - ISBN
International Standard Book Number 9781861979155
040 ## - FUENTE DE CATALOGACIÓN
Agencia que crea de manera original el registro BPMSU
Idioma de catalogación spa
Agencia que realiza la transcripción BPMSU
082 #4 - NÚMERO DE CLASIFICACIÓN DECIMAL DE DEWEY
Classification number 658.4
Item number T297g, 2005
100 1# - ASIENTO PRINCIPAL -- NOMBRE PERSONAL
Nombre personal Tennent, John
245 10 - MENCIÓN DE TITULO
Título Guide to business modelling /
Mención de responsabilidad John Tennent , Graham Friend.
250 ## - MENCIÓN DE EDICION
Mención de edición 2a ed
260 ## - PUBLICACIÓN, DISTRIBUCIÓN, ETC. (PIE DE IMPRENTA)
Lugar de publicación, distribución, etc London :
Nombre del editor, distribuidor, etc. Profile,
Fecha de publicación, distribución, etc 2005.
300 ## - DESCRIPCIÓN FÍSICA
Extensión 281 p. :
Otros detalles físicos il. ;
Dimensiones 26 cm.
650 #4 - ENCABEZAMIENTO DE MATERIA--TEMÁTICO
Término temático o nombre geográfico como elemento de entrada EMPRESAS
Subdivisión temática general FINANZAS
650 #4 - ENCABEZAMIENTO DE MATERIA--TEMÁTICO
Término temático o nombre geográfico como elemento de entrada PLANIFICACIÓN EMPRESARIAL
650 #4 - ENCABEZAMIENTO DE MATERIA--TEMÁTICO
Término temático o nombre geográfico como elemento de entrada MERCADEO
Subdivisión temática general TOMA DE DECISIONES
700 12 - ASIENTO SECUNDARIO -- NOMBRE PERSONAL
Nombre personal Graham, Friend
710 22 - ASIENTO SECUNDARIO -- NOMBRE CORPORATIVO
Nombre corporativo o de jurisdicción The economist
910 ## - VALIDACIÓN
Validación Validado. Control de calidad MFF
942 ## - ADDED ENTRY ELEMENTS (KOHA)
Source of classification or shelving scheme Dewey Decimal Classification
Koha item type Libros
945 ## - INFORMACIÓN DE PROCESAMIENTO LOCAL
Información de procesamiento local Inventariado, 2017/MFF
956 ## - LOCAL ELECTRONIC LOCATION AND ACCESS (OCLC)
Método de acceso LOPEREZ
Materiales especificados 10
Enlace 20160803
Campo enlazado y núm. de secuencia BPMSU
Nombre de host 00041
Existencias
Withdrawn status Lost status Source of classification or shelving scheme Damaged status Not for loan Collection code Home library Current library Date acquired Source of acquisition Total Checkouts Full call number Barcode Date last seen Price effective from Koha item type
    Dewey Decimal Classification     Colección General Biblioteca Pública Metropolitana Salomé Ureña Biblioteca Pública Metropolitana Salomé Ureña 08/03/2016 Roberto Antonio Férnandez   658.4 T297g, 2005 BPMSU16080037 08/03/2016 08/03/2016 Libros